Logo BPK

Biblioteka

Politechniki Koszalińskiej

Roślinność naczyniowa okolic Szczecinka / (Rekord nr 30797)

Szczegóły MARC
000 -ETYKIETA REKORDU
podpole kontrolne o stałej długości 00742nam a2200217 i 4500
001 - NUMER KONTROLNY REKORDU
pole kontrolne bg
040 ## - ŹRÓDŁO KATALOGOWANIA
Instytucja, która utworzyła rekord BPK
041 0# - KOD JĘZYKA
Kod języka tekstu pl
080 ## - UNIWERSALNA KLASYFIKACJA DZIESIĘTNA - UKD
UKD 581.9(438)
008 - POLE O STAŁEJ DŁUGOŚCI - DANE KONTROLNE
podpole kontrolne o stałej długości s pl f |000 0 pol
100 1# - NAZWA OSOBOWA
Nazwa osobowa ŻUKOWSKI, Waldemar
245 10 - TYTUŁ/ODPOWIEDZIALNOŚĆ
Tytuł Roślinność naczyniowa okolic Szczecinka /
Pozostałe elementy strefy tytułu i oznaczenia odpowiedzialności Waldemar Żukowski ; Poznańskie Towarzystwo Przyjaciół Nauk. Wydział Matematyczno-Przyrodniczy.
260 ## - STREFA ADRESU WYDAWNICZEGO
Miejsce wydania Poznań :
Nazwa wydawcy/dystrybutora PTPN,
Data publikacji, dystrybucji/powstania dokumentu 1960.
300 ## - STREFA OPISU FIZYCZNEGO
Objętość 70, [5] s. :
Inne cechy fizyczne 2 mapy ;
Rozmiary 24 cm.
490 1# - STREFA SERII I DOKUMENTU WIELOCZĘŚCIOWEGO - FORMA NIE DO WYSZUKIWANIA
Tytuł i oznaczenie odpowiedzialności serii Prace Komisji Biologicznej ;
Numeracja w obrębie serii T.22, z.1
504 ## - UWAGA DOTYCZĄCA BIBLIOGRAFII
Informacje o bibliografii Bibliogr. s. 68-70.
650 #9 - HASŁO PRZEDMIOTOWE W FORMIE NAZWY OGÓLNEJ LUB JEDNOSTKOWEJ
Nazwa ogólna lub geograficzna Rośliny naczyniowe
Określnik ogólny systematyka
Określnik geograficzny Polska
651 #9 - HASŁO PRZEDMIOTOWE W FORMIE NAZWY GEOGRAFICZNEJ
Nazwa geograficzna Szczecinek k. Koszalina, okręg
Określnik ogólny flora
830 ## - HASŁO DODATKOWE SERII LUB DOKUMENTU WIELOCZĘŚCIOWEGO - TYTUŁ UJEDNOLICONY
Tytuł ujednolicony Prace Komisji Biologicznej ;
856 ## - LOKALIZACJA I DOSTĘP DO ELEKTRONICZNYCH DOKUMENTÓW ZDALNYCH
Link (URL) http://koha.tu.koszalin.pl/cgi-bin/koha/opac-detail.pl?biblionumber=30797
Tekst linku Katalog online BPK
942 ## - DODATKOWE ELEMENTY (KOHA)
Typ dokumentu Książka
Egzemplarze
Wycofany Status egzemplarza Uszkodzony Dostępność Lokalizacja stała Lokalizacja bieżąca Miejsce przechowywania Sygnatura Kod kreskowy Typ dokumentu
      Dostępny Biblioteka Politechniki Koszalińskiej Biblioteka Politechniki Koszalińskiej Wypożyczalnia BG 37651 01085693 Książka
© 2023 Biblioteka Politechniki Koszalińskiej :: KOHA